00176nam a2200073Ia 4500008004100000082000800041100001500049245003800064240331s9999 xx 000 0 und d bKES aKesavan, K 0aDravida lyakkamum molik kolkaiyum